New Tools for Robustness of Linear Systems /

Salvato in:
Dettagli Bibliografici
Autore principale: Barmish, B.Ross (Autore)
Natura: Libro
Lingua:inglese
Pubblicazione: New York : Macmillan Publishing Company, 1994
Tags: Aggiungi Tag
Nessun Tag, puoi essere il primo ad aggiungerne!!

MARC

LEADER 00000nam a22000003a 4500
001 stu23454
005 20150617225746.6
008 950720s1994----xxu-----------------eng-d
020 |a 0-02-306055-7 
040 |a STU  |b slo 
041 0 |a eng 
044 |a xxu 
080 |a 517.983  |7 stu_us_auth*stu6019 
100 1 |a Barmish, B.Ross  |4 aut 
245 1 |a New Tools for Robustness of Linear Systems /  |c [aut.]Barmish,B.Ross 
260 |a New York :  |b Macmillan Publishing Company,  |c 1994 
300 |a 394 s :  |b Tab.,grafy,lit.,index 
996 |b C93752  |c C*93752  |l CCXVI  |s P  |a 0  |w stu23454_0001